[Event "Winter Chess"]
[Site "?"]
[Date "2014.01.05"]
[Round "9.1"]
[White "Berry, Neil"]
[Black "Burnett, Andrew"]
[Result "0-1"]
[LiveChessVersion "1.4.2"]
[BlackElo "2209"]
[WhiteElo "2242"]

1. d4 {[%clk 1:30:53]} d5 {[%clk 1:30:55]} 2. c4 {[%clk 1:31:01]} e6
{[%clk 1:31:18]} 3. Nf3 {[%clk 1:30:37]} c6 {[%clk 1:31:28]} 4. Nc3
{[%clk 1:25:20]} f5 {[%clk 1:31:49]} 5. Bf4 {[%clk 1:23:36]} Bd6 {[%clk 1:31:40]}
6. e3 {[%clk 1:22:48]} Qe7 {[%clk 1:28:26]} 7. Bd3 {[%clk 1:17:25]} Nf6
{[%clk 1:27:14]} 8. O-O {[%clk 1:04:47]} O-O {[%clk 1:27:25]} 9. Qc2
{[%clk 1:03:29]} Ne4 {[%clk 1:23:19]} 10. Bxd6 {[%clk 1:00:47]} Qxd6
{[%clk 1:20:39]} 11. Ne5 {[%clk 1:00:27]} Nd7 {[%clk 1:19:16]} 12. f3
{[%clk 0:46:45]} Ng5 {[%clk 1:06:06]} 13. f4 {[%clk 0:45:33]} Ne4
{[%clk 1:04:47]} 14. c5 {[%clk 0:30:22]} Qe7 {[%clk 1:03:13]} 15. b4
{[%clk 0:30:12]} Nxe5 {[%clk 1:02:35]} 16. dxe5 {[%clk 0:28:18]} b6
{[%clk 1:00:03]} 17. Ne2 {[%clk 0:20:19]} bxc5 {[%clk 0:59:02]} 18. Bxe4
{[%clk 0:20:37]} fxe4 {[%clk 0:52:43]} 19. Qxc5 {[%clk 0:20:54]} Qxc5
{[%clk 0:52:55]} 20. bxc5 {[%clk 0:21:19]} Ba6 {[%clk 0:53:08]} 21. Kf2
{[%clk 0:15:03]} g5 {[%clk 0:50:14]} 22. g3 {[%clk 0:15:00]} Rab8
{[%clk 0:48:25]} 23. Rfb1 {[%clk 0:14:29]} Bxe2 {[%clk 0:38:43]} 24. Kxe2
{[%clk 0:14:52]} gxf4 {[%clk 0:39:06]} 25. gxf4 {[%clk 0:15:04]} Kf7
{[%clk 0:37:20]} 26. Rb3 {[%clk 0:12:39]} Rg8 {[%clk 0:33:29]} 27. Kf2
{[%clk 0:08:21]} Rb5 {[%clk 0:33:30]} 28. Rab1 {[%clk 0:08:27]} Rgb8
{[%clk 0:33:31]} 29. Ke2 {[%clk 0:06:45]} a5 {[%clk 0:30:54]} 30. Kd2
{[%clk 0:05:34]} Ke8 {[%clk 0:29:01]} 31. Rxb5 {[%clk 0:03:37]} Rxb5 32. Rc1
{[%clk 0:01:25]} a4 {[%clk 0:28:30]} 33. Rc3 {[%clk 0:00:39]} Kd7
{[%clk 0:26:30]} 34. Ra3 {[%clk 0:00:58]} Rb4 {[%clk 0:26:40]} 35. Kc3
{[%clk 0:00:45]} Rc4+ {[%clk 0:26:25]} 36. Kb2 {[%clk 0:00:46]} h5
{[%clk 0:22:24]} 37. Rc3 {[%clk 0:00:57]} Rb4+ {[%clk 0:22:43]} 38. Ka3
{[%clk 0:00:42]} Rb1 {[%clk 0:23:07]} 39. Kxa4 {[%clk 0:01:04]} Rb2
{[%clk 0:23:21]} 40. h4 {[%clk 0:00:44]} Rxa2+ {[%clk 0:23:34]} 41. Kb3
{[%clk 0:23:43]} Re2 {[%clk 0:49:21]} 42. Kb4 {[%clk 0:21:04]} Rb2+
{[%clk 0:47:04]} 43. Ka4 {[%clk 0:06:50]} Ke8 {[%clk 0:41:34]} 44. Ka5
{[%clk 0:05:45]} Kf7 {[%clk 0:41:04]} 45. Ka6 {[%clk 0:06:01]} Rb5
{[%clk 0:39:44]} 46. Rc1 {[%clk 0:06:11]} Rb3 {[%clk 0:38:32]} 47. Re1
{[%clk 0:05:53]} Ke7 {[%clk 0:36:40]} 48. Re2 {[%clk 0:06:01]} Kd7
{[%clk 0:36:52]} 49. Rg2 {[%clk 0:06:11]} Rxe3 {[%clk 0:36:45]} 50. Rg7+
{[%clk 0:06:37]} Ke8 {[%clk 0:36:45]} 51. Kb6 {[%clk 0:07:01]} Rd3
{[%clk 0:33:48]} 52. Kxc6 {[%clk 0:05:54]} e3 {[%clk 0:34:11]} 53. Rg3
{[%clk 0:01:20]} e2 {[%clk 0:32:00]} 54. Rxd3 {[%clk 0:01:46]} e1=Q
{[%clk 0:32:21]} 55. Ra3 {[%clk 0:02:12]} Qxh4 {[%clk 0:31:00]} 56. Ra8+
{[%clk 0:01:50]} Kf7 {[%clk 0:30:30]} 57. Ra7+ {[%clk 0:02:11]} Kg6
{[%clk 0:30:44]} 58. Kd6 {[%clk 0:02:38]} Qxf4 {[%clk 0:30:41]} 59. c6
{[%clk 0:01:59]} Qb4+ {[%clk 0:30:43]} 60. Kd7 {[%clk 0:01:32]} Qc5 61. Ra2
{[%clk 0:01:32]} d4 62. Rg2+ {[%clk 0:01:32]} Kf5 63. c7 {[%clk 0:01:32]} Qd5+
64. Ke7 {[%clk 0:01:32]} Qxg2 65. c8=Q {[%clk 0:01:32]} Qg7+ 0-1

[Event "Winter Chess"]
[Site "?"]
[Date "2014.01.05"]
[Round "9.3"]
[White "McNab, Colin"]
[Black "Steil-Antoni, Fiona"]
[Result "1-0"]
[LiveChessVersion "1.4.2"]
[BlackElo "2190"]
[WhiteElo "2457"]

1. c4 {[%clk 1:30:56]} e5 {[%clk 1:30:55]} 2. Nc3 {[%clk 1:31:18]} Nc6
{[%clk 1:31:17]} 3. Nf3 {[%clk 1:30:19]} f5 {[%clk 1:31:20]} 4. d4
{[%clk 1:30:10]} e4 {[%clk 1:31:42]} 5. Ng5 {[%clk 1:30:32]} Nf6 {[%clk 1:31:54]}
6. e3 {[%clk 1:29:51]} h6 {[%clk 1:31:51]} 7. Nh3 {[%clk 1:30:07]} g5
{[%clk 1:31:44]} 8. Ng1 {[%clk 1:27:22]} Bg7 {[%clk 1:31:28]} 9. h4
{[%clk 1:27:21]} g4 {[%clk 1:31:41]} 10. h5 {[%clk 1:21:49]} d5 {[%clk 1:22:07]}
11. Nge2 {[%clk 1:21:26]} Ne7 {[%clk 1:20:20]} 12. Nf4 {[%clk 1:20:42]} c6
{[%clk 1:20:01]} 13. Qb3 {[%clk 1:17:52]} Qb6 {[%clk 1:14:40]} 14. Na4
{[%clk 1:13:36]} Qxb3 {[%clk 1:04:23]} 15. axb3 {[%clk 1:13:49]} a6
{[%clk 1:04:07]} 16. Bd2 {[%clk 1:05:34]} Nd7 {[%clk 0:42:13]} 17. Bb4
{[%clk 1:02:29]} b5 {[%clk 0:39:40]} 18. Nc3 {[%clk 0:57:40]} dxc4
{[%clk 0:38:24]} 19. Bxe7 {[%clk 0:49:44]} Kxe7 {[%clk 0:38:33]} 20. Ng6+
{[%clk 0:50:06]} Kf7 {[%clk 0:36:44]} 21. Nxh8+ {[%clk 0:48:25]} Bxh8
{[%clk 0:37:12]} 22. bxc4 {[%clk 0:48:40]} b4 {[%clk 0:34:53]} 23. Na4
{[%clk 0:48:43]} Bb7 {[%clk 0:32:10]} 24. c5 {[%clk 0:48:17]} Bf6
{[%clk 0:29:21]} 25. Bc4+ {[%clk 0:47:58]} Ke7 {[%clk 0:29:41]} 26. Ke2
{[%clk 0:44:01]} Bg5 {[%clk 0:29:27]} 27. g3 {[%clk 0:42:55]} Kd8
{[%clk 0:28:42]} 28. b3 {[%clk 0:40:15]} Kc7 {[%clk 0:28:59]} 29. Ra2
{[%clk 0:40:22]} Nf6 {[%clk 0:28:16]} 30. Nb6 {[%clk 0:39:55]} 1-0

[Event "Winter Chess"]
[Site "?"]
[Date "2014.01.05"]
[Round "9.4"]
[White "Hamitevici, Vladmir"]
[Black "Bremner, Adam"]
[Result "1/2-1/2"]
[LiveChessVersion "1.4.2"]
[BlackElo "2189"]
[WhiteElo "2508"]

1. d4 {[%clk 1:30:57]} Nf6 {[%clk 1:24:23]} 2. Bg5 {[%clk 1:31:07]} e6
{[%clk 1:24:46]} 3. Nd2 {[%clk 1:30:50]} h6 {[%clk 1:25:10]} 4. Bh4
{[%clk 1:30:36]} Be7 {[%clk 1:25:30]} 5. e3 {[%clk 1:28:15]} d6 {[%clk 1:25:40]}
6. Bd3 {[%clk 1:25:42]} Nbd7 {[%clk 1:25:38]} 7. Qe2 {[%clk 1:24:26]} b6
{[%clk 1:24:40]} 8. c3 {[%clk 1:23:16]} Bb7 {[%clk 1:24:59]} 9. f4
{[%clk 1:17:21]} c5 {[%clk 1:19:07]} 10. e4 {[%clk 0:59:32]} Qc7 {[%clk 1:14:12]}
11. Bg3 {[%clk 0:57:12]} O-O-O {[%clk 1:13:41]} 12. e5 {[%clk 0:46:33]} Nd5
{[%clk 1:12:22]} 13. Ngf3 {[%clk 0:39:19]} h5 {[%clk 1:06:36]} 14. h4
{[%clk 0:38:09]} dxe5 {[%clk 1:06:20]} 15. dxe5 {[%clk 0:37:05]} g6
{[%clk 1:02:11]} 16. a3 {[%clk 0:35:28]} Qb8 {[%clk 1:01:27]} 17. c4
{[%clk 0:30:10]} Nc7 {[%clk 1:01:43]} 18. O-O {[%clk 0:23:59]} Ne8
{[%clk 1:01:37]} 19. Ne4 {[%clk 0:21:38]} Qc7 {[%clk 1:01:31]} 20. Neg5
{[%clk 0:17:53]} Rf8 {[%clk 1:00:51]} 21. Bf2 {[%clk 0:13:16]} Ng7
{[%clk 1:01:02]} 22. b4 {[%clk 0:12:01]} Nb8 {[%clk 1:00:33]} 23. b5
{[%clk 0:12:06]} Rd7 {[%clk 0:59:28]} 24. Rfb1 {[%clk 0:09:12]} Bxg5
{[%clk 0:59:14]} 25. Nxg5 {[%clk 0:08:53]} Rfd8 {[%clk 0:59:36]} 26. Rd1
{[%clk 0:07:34]} Nf5 {[%clk 0:56:42]} 27. Ne4 {[%clk 0:04:29]} Bxe4
{[%clk 0:55:54]} 28. Bxe4 {[%clk 0:03:51]} Rxd1+ {[%clk 0:56:16]} 29. Rxd1
{[%clk 0:04:18]} Rxd1+ {[%clk 0:56:40]} 30. Qxd1 {[%clk 0:04:44]} Qd7
{[%clk 0:56:59]} 31. Qe2 {[%clk 0:02:33]} Nd4 {[%clk 0:57:08]} 32. Qd3
{[%clk 0:02:43]} Nf5 {[%clk 0:57:13]} 33. Qc3 {[%clk 0:02:01]} Qd1+
{[%clk 0:57:10]} 34. Qe1 {[%clk 0:00:46]} Qxe1+ {[%clk 0:56:35]} 35. Bxe1
{[%clk 0:01:11]} Nh6 {[%clk 0:56:36]} 36. a4 {[%clk 0:00:50]} Nd7
{[%clk 0:56:56]} 37. Kf1 {[%clk 0:00:41]} Kc7 {[%clk 0:56:34]} 38. Ke2
{[%clk 0:00:44]} Nf8 {[%clk 0:56:24]} 39. a5 {[%clk 0:00:52]} Nd7
{[%clk 0:56:45]} 40. Kd3 {[%clk 0:00:36]} Nf5 {[%clk 0:55:56]} 41. Bf3
{[%clk 0:29:21]} Nh6 {[%clk 1:26:45]} 42. a6 {[%clk 0:23:48]} Nb8
{[%clk 1:27:08]} 43. Be2 {[%clk 0:23:30]} Nd7 {[%clk 1:27:32]} 44. Ke4
{[%clk 0:23:32]} Kd8 {[%clk 1:27:21]} 45. Kf3 {[%clk 0:23:17]} Ke7
{[%clk 1:27:12]} 46. Kg3 {[%clk 0:23:04]} Nf5+ {[%clk 1:25:19]} 47. Kh3
{[%clk 0:23:17]} Nh6 {[%clk 1:25:20]} 48. Bf3 {[%clk 0:23:17]} Nb8
{[%clk 1:24:25]} 49. Bf2 {[%clk 0:22:43]} Kd8 {[%clk 1:22:17]} 50. g4
{[%clk 0:22:19]} hxg4+ {[%clk 1:22:27]} 51. Bxg4 {[%clk 0:22:45]} Nxg4
{[%clk 1:21:59]} 52. Kxg4 {[%clk 0:23:10]} Ke7 {[%clk 1:21:56]} 53. h5
{[%clk 0:23:29]} gxh5+ {[%clk 1:21:42]} 54. Kxh5 {[%clk 0:23:54]} Kf8
{[%clk 1:21:34]} 55. Bh4 {[%clk 0:23:54]} Kg7 {[%clk 1:21:46]} 56. Bf6+
{[%clk 0:13:26]} Kh7 {[%clk 1:21:42]} 57. Kg5 {[%clk 0:12:23]} Nd7
{[%clk 1:21:51]} 58. f5 {[%clk 0:10:11]} Nxf6 {[%clk 1:19:09]} 59. Kxf6
{[%clk 0:01:31]} exf5 {[%clk 1:19:30]} 60. Kxf5 {[%clk 0:01:45]} Kg7
{[%clk 1:19:54]} 61. Ke4 {[%clk 0:01:49]} Kf8 {[%clk 1:20:12]} 62. Kd5
{[%clk 0:02:01]} Ke7 {[%clk 1:20:40]} 63. Kc6 {[%clk 0:02:17]} Ke6
{[%clk 1:21:08]} 64. Kb7 {[%clk 0:02:32]} Kd7 {[%clk 1:21:26]} 65. Kb8
{[%clk 0:02:12]} Kd8 {[%clk 1:21:52]} 66. Ka8 {[%clk 0:02:16]} Kc8
{[%clk 1:22:17]} 67. Kxa7 {[%clk 0:02:38]} Kc7 {[%clk 1:22:45]} 68. Ka8
{[%clk 0:02:54]} Kc8 {[%clk 1:23:14]} 69. a7 {[%clk 0:03:12]} Kc7
{[%clk 1:23:38]} 70. e6 {[%clk 0:03:36]} fxe6 {[%clk 1:24:04]} 1/2-1/2

[Event "Winter Chess"]
[Site "?"]
[Date "2014.01.05"]
[Round "9.5"]
[White "Edwards, Jonathan"]
[Black "Green, Andrew"]
[Result "1-0"]
[LiveChessVersion "1.4.2"]
[BlackElo "2148"]
[WhiteElo "2138"]

1. Nf3 {[%clk 1:30:57]} c5 {[%clk 1:30:41]} 2. b3 {[%clk 1:31:19]} Nc6
{[%clk 1:30:05]} 3. Bb2 {[%clk 1:30:38]} d6 {[%clk 1:29:19]} 4. g3
{[%clk 1:26:33]} e5 {[%clk 1:29:19]} 5. d3 {[%clk 1:26:48]} g6 {[%clk 1:29:38]}
6. Bg2 {[%clk 1:26:47]} Bg7 {[%clk 1:30:06]} 7. O-O {[%clk 1:26:49]} Nge7
{[%clk 1:30:28]} 8. Nbd2 {[%clk 1:24:48]} O-O {[%clk 1:30:10]} 9. e4
{[%clk 1:24:13]} h6 {[%clk 1:23:30]} 10. c3 {[%clk 1:22:04]} Be6 {[%clk 1:16:44]}
11. Nc4 {[%clk 1:15:54]} f5 {[%clk 1:07:18]} 12. exf5 {[%clk 1:08:47]} Nxf5
{[%clk 1:05:59]} 13. Qe2 {[%clk 1:08:19]} Qd7 {[%clk 1:03:33]} 14. Rad1
{[%clk 1:01:47]} Rae8 {[%clk 1:00:24]} 15. Ne3 {[%clk 1:00:53]} d5
{[%clk 0:54:36]} 16. Ba3 {[%clk 0:55:31]} b6 {[%clk 0:50:33]} 17. Nxf5
{[%clk 0:50:03]} gxf5 {[%clk 0:45:49]} 18. d4 {[%clk 0:49:02]} e4
{[%clk 0:39:50]} 19. Nh4 {[%clk 0:48:49]} f4 {[%clk 0:30:16]} 20. f3
{[%clk 0:48:16]} fxg3 {[%clk 0:27:30]} 21. hxg3 {[%clk 0:46:54]} exf3
{[%clk 0:22:23]} 22. Rxf3 {[%clk 0:41:12]} Rxf3 {[%clk 0:10:52]} 23. Nxf3
{[%clk 0:40:37]} Bg4 {[%clk 0:10:25]} 24. Qb5 {[%clk 0:39:02]} Re3
{[%clk 0:05:23]} 25. Rf1 {[%clk 0:35:41]} Rxc3 {[%clk 0:04:29]} 26. dxc5
{[%clk 0:29:45]} bxc5 {[%clk 0:04:44]} 27. Bb2 {[%clk 0:26:50]} Rc2
{[%clk 0:05:10]} 28. Bxg7 {[%clk 0:26:20]} Kxg7 {[%clk 0:05:38]} 29. Qd3
{[%clk 0:19:17]} Rxa2 {[%clk 0:00:54]} 30. Nh4 {[%clk 0:19:11]} Ne5
{[%clk 0:01:23]} 31. Qc3 {[%clk 0:18:32]} Qd6 {[%clk 0:00:56]} 32. Nf5+
{[%clk 0:17:00]} Bxf5 {[%clk 0:01:24]} 33. Rxf5 {[%clk 0:17:25]} d4
{[%clk 0:01:34]} 34. Qe1 {[%clk 0:16:25]} Ng6 {[%clk 0:00:51]} 35. Bd5
{[%clk 0:15:53]} h5 {[%clk 0:00:35]} 36. Rf7+ {[%clk 0:15:27]} Kh6
{[%clk 0:00:42]} 37. Qc1+ {[%clk 0:15:38]} Nf4 {[%clk 0:01:11]} 38. Rxf4
{[%clk 0:15:32]} Kg7 {[%clk 0:00:02]} 39. Rf7+ {[%clk 0:15:07]} Kg6
{[%clk 0:01:01]} 40. Qb1+ {[%clk 0:15:10]} Kg5 {[%clk 0:00:43]} 41. Qf5+
{[%clk 0:15:27]} 1-0

[Event "Winter Chess"]
[Site "?"]
[Date "2014.01.05"]
[Round "9.6"]
[White "Brechin, Hugh"]
[Black "McGowan, Daniel"]
[Result "1-0"]
[LiveChessVersion "1.4.2"]
[BlackElo "2146"]
[WhiteElo "2019"]

1. d4 {[%clk 1:30:55]} e6 {[%clk 1:30:33]} 2. Bf4 {[%clk 1:30:43]} Nf6
{[%clk 1:30:39]} 3. e3 {[%clk 1:31:05]} b6 {[%clk 1:30:51]} 4. Nf3
{[%clk 1:31:12]} Bb7 {[%clk 1:31:04]} 5. Bd3 {[%clk 1:31:19]} Be7
{[%clk 1:30:59]} 6. h3 {[%clk 1:31:12]} d6 {[%clk 1:30:03]} 7. O-O
{[%clk 1:31:13]} O-O {[%clk 1:30:19]} 8. Nbd2 {[%clk 1:30:18]} Nbd7
{[%clk 1:27:44]} 9. Qe2 {[%clk 1:29:04]} Re8 {[%clk 1:25:32]} 10. e4
{[%clk 1:28:50]} Nf8 {[%clk 1:25:31]} 11. Rfd1 {[%clk 1:24:07]} Qc8
{[%clk 1:24:59]} 12. c3 {[%clk 1:23:24]} Ng6 {[%clk 1:24:36]} 13. Bh2
{[%clk 1:22:54]} Bf8 {[%clk 1:23:53]} 14. e5 {[%clk 1:22:57]} Nd5
{[%clk 1:23:16]} 15. Ng5 {[%clk 1:22:18]} Ndf4 {[%clk 1:22:44]} 16. Bxf4
{[%clk 1:22:16]} Nxf4 {[%clk 1:23:11]} 17. Bxh7+ {[%clk 1:22:34]} Kh8
{[%clk 1:23:23]} 18. Qg4 {[%clk 1:22:04]} Be7 {[%clk 1:23:09]} 19. Nxf7+
{[%clk 1:20:25]} Kxh7 {[%clk 1:23:37]} 20. Qxf4 {[%clk 1:20:47]} Rf8
{[%clk 1:22:40]} 21. Ng5+ {[%clk 1:20:33]} Kg6 {[%clk 1:22:39]} 22. Qg4
{[%clk 1:20:14]} Bxg5 {[%clk 1:22:57]} 23. h4 {[%clk 1:20:18]} Rf5
{[%clk 1:22:46]} 24. f3 {[%clk 1:20:31]} Kh6 {[%clk 1:20:53]} 25. hxg5+
{[%clk 1:20:20]} Rxg5 {[%clk 1:21:21]} 26. Qh4+ {[%clk 1:19:48]} Kg6
{[%clk 1:20:42]} 27. Ne4 {[%clk 1:19:20]} Bxe4 {[%clk 1:20:54]} 28. Qxe4+
{[%clk 1:19:35]} Kf7 {[%clk 1:20:25]} 29. exd6 {[%clk 1:19:30]} cxd6
{[%clk 1:20:43]} 30. Qf4+ {[%clk 1:19:52]} Kg6 {[%clk 1:19:36]} 31. Qxd6
{[%clk 1:20:01]} Qc4 {[%clk 1:19:51]} 32. Re1 {[%clk 1:19:17]} Re8
{[%clk 1:17:00]} 33. Qf4 {[%clk 1:16:49]} Rh8 {[%clk 1:16:30]} 34. Re5
{[%clk 1:12:10]} Rhh5 {[%clk 1:16:03]} 35. Qe4+ {[%clk 1:11:33]} Kf7
{[%clk 1:16:17]} 36. Rxg5 {[%clk 1:09:28]} Rxg5 {[%clk 1:16:44]} 37. Kf2
{[%clk 1:07:43]} Rb5 {[%clk 1:16:37]} 38. Qc2 {[%clk 1:00:49]} Qc7
{[%clk 1:16:43]} 39. Rh1 {[%clk 0:57:22]} Rg5 {[%clk 1:16:41]} 40. g4
{[%clk 0:56:56]} Qf4 {[%clk 1:16:50]} 41. Kg2 {[%clk 0:54:53]} Rg6
{[%clk 1:15:04]} 42. Rh8 {[%clk 0:49:08]} Rf6 {[%clk 1:15:06]} 43. Qe2
{[%clk 0:41:52]} Qc1 {[%clk 1:14:14]} 44. d5 {[%clk 0:40:45]} Qf4
{[%clk 1:12:49]} 45. Qd3 {[%clk 0:35:00]} Qd6 {[%clk 1:10:40]} 46. Rh5
{[%clk 0:32:26]} e5 {[%clk 1:08:26]} 47. Qe4 {[%clk 0:31:13]} 1-0

[Event "Winter Chess"]
[Site "?"]
[Date "2014.01.05"]
[Round "9.7"]
[White "Stevenson, Jim"]
[Black "Grove, Michael"]
[Result "1-0"]
[LiveChessVersion "1.4.2"]
[BlackElo "2091"]
[WhiteElo "2102"]

1. e4 {[%clk 1:30:56]} e5 {[%clk 1:28:52]} 2. Nc3 {[%clk 1:31:09]} Nc6
{[%clk 1:29:03]} 3. Bc4 {[%clk 1:30:01]} Bc5 {[%clk 1:21:34]} 4. Qg4
{[%clk 1:28:21]} g6 {[%clk 1:11:39]} 5. Qf3 {[%clk 1:25:04]} f6 {[%clk 1:07:11]}
6. Nge2 {[%clk 1:23:33]} d6 {[%clk 1:04:11]} 7. d3 {[%clk 1:21:58]} Nd4
{[%clk 0:55:51]} 8. Nxd4 {[%clk 1:21:25]} Bxd4 {[%clk 0:56:13]} 9. O-O
{[%clk 1:16:15]} c6 {[%clk 0:56:24]} 10. Bg5 {[%clk 1:04:41]} h6 {[%clk 0:50:58]}
11. Be3 {[%clk 1:02:30]} Qe7 {[%clk 0:45:17]} 12. Bxd4 {[%clk 1:00:11]} exd4
{[%clk 0:45:39]} 13. Ne2 {[%clk 0:59:59]} Qe5 {[%clk 0:43:36]} 14. Qg3
{[%clk 0:57:19]} Ne7 {[%clk 0:37:35]} 15. f4 {[%clk 0:56:56]} Qc5
{[%clk 0:34:30]} 16. Qf2 {[%clk 0:54:01]} Bd7 {[%clk 0:31:15]} 17. Qxd4
{[%clk 0:53:00]} Qxd4+ {[%clk 0:31:27]} 18. Nxd4 {[%clk 0:53:17]} O-O-O
{[%clk 0:31:36]} 19. Rae1 {[%clk 0:51:12]} c5 {[%clk 0:28:54]} 20. Nb5
{[%clk 0:47:46]} Bxb5 {[%clk 0:27:38]} 21. Bxb5 {[%clk 0:48:02]} Kc7
{[%clk 0:27:46]} 22. Bc4 {[%clk 0:41:59]} Rhf8 {[%clk 0:24:59]} 23. Be6
{[%clk 0:41:21]} Nc6 {[%clk 0:25:10]} 24. c3 {[%clk 0:39:29]} b5 {[%clk 0:23:53]}
25. Re3 {[%clk 0:34:45]} Rde8 {[%clk 0:23:40]} 26. Bd5 {[%clk 0:34:46]} Ne7
{[%clk 0:23:43]} 27. Bb3 {[%clk 0:34:18]} Nc6 {[%clk 0:22:50]} 28. Rfe1
{[%clk 0:31:26]} Re7 {[%clk 0:22:09]} 29. Bd5 {[%clk 0:31:11]} Rfe8
{[%clk 0:21:39]} 30. Kf2 {[%clk 0:29:51]} Nd8 {[%clk 0:21:15]} 31. Kf3
{[%clk 0:29:51]} Nc6 {[%clk 0:19:48]} 32. a3 {[%clk 0:27:03]} Nd8
{[%clk 0:17:13]} 33. R3e2 {[%clk 0:24:43]} Nc6 {[%clk 0:17:31]} 34. h4
{[%clk 0:20:09]} Nb8 {[%clk 0:16:25]} 35. g3 {[%clk 0:18:35]} Nd7
{[%clk 0:16:44]} 36. Bb3 {[%clk 0:14:07]} Nb6 {[%clk 0:16:54]} 37. d4
{[%clk 0:13:06]} Nd7 {[%clk 0:16:41]} 38. Bc2 {[%clk 0:12:29]} Kc6
{[%clk 0:14:35]} 39. a4 {[%clk 0:09:06]} a6 {[%clk 0:14:21]} 40. axb5+
{[%clk 0:09:13]} axb5 {[%clk 0:14:36]} 41. Ra1 {[%clk 0:09:09]} Kb6
{[%clk 0:14:15]} 42. Rd2 {[%clk 0:07:04]} c4 {[%clk 0:13:50]} 43. Re2
{[%clk 0:05:05]} h5 {[%clk 0:12:44]} 44. Rae1 {[%clk 0:04:50]} Kc7
{[%clk 0:10:26]} 45. b3 {[%clk 0:01:34]} Ra8 {[%clk 0:08:59]} 46. bxc4
{[%clk 0:01:38]} bxc4 {[%clk 0:09:16]} 47. e5 {[%clk 0:01:26]} fxe5
{[%clk 0:08:46]} 48. dxe5 {[%clk 0:01:33]} dxe5 {[%clk 0:08:48]} 49. Bxg6
{[%clk 0:00:50]} Ra3 {[%clk 0:08:31]} 50. Re3 {[%clk 0:30:43]} Nf6
{[%clk 0:35:28]} 51. Rxe5 {[%clk 0:27:41]} Rxc3+ {[%clk 0:34:44]} 52. R1e3
{[%clk 0:27:34]} Rxe3+ {[%clk 0:34:21]} 53. Rxe3 {[%clk 0:27:50]} Rd7
{[%clk 0:34:41]} 54. Rc3 {[%clk 0:27:38]} Rd1 {[%clk 0:32:59]} 55. Rxc4+
{[%clk 0:27:38]} Kd6 {[%clk 0:33:21]} 56. Rc8 {[%clk 0:27:26]} Ra1
{[%clk 0:33:14]} 57. Rf8 {[%clk 0:25:23]} Ra3+ {[%clk 0:33:12]} 58. Kg2
{[%clk 0:25:11]} Ke6 {[%clk 0:31:23]} 59. Rb8 Ra2+ {[%clk 0:29:01]} 60. Kh3
{[%clk 0:21:14]} Ra3 {[%clk 0:27:51]} 61. Rb5 {[%clk 0:20:24]} Nd5
{[%clk 0:27:09]} 62. Rxd5 {[%clk 0:19:47]} Kxd5 {[%clk 0:27:27]} 63. Bxh5
{[%clk 0:20:09]} Ke6 {[%clk 0:27:24]} 64. Bg6 {[%clk 0:18:35]} Kf6
{[%clk 0:27:34]} 65. h5 {[%clk 0:18:44]} Kg7 {[%clk 0:26:08]} 66. Kh4
{[%clk 0:18:54]} Kh6 {[%clk 0:25:58]} 67. g4 {[%clk 0:19:03]} Rc3
{[%clk 0:25:59]} 68. g5+ {[%clk 0:19:17]} Kg7 {[%clk 0:26:26]} 69. Bf5
{[%clk 0:19:16]} Rc1 {[%clk 0:26:24]} 70. h6+ {[%clk 0:19:33]} Kf7
{[%clk 0:25:30]} 71. Be4 {[%clk 0:18:15]} Rf1 {[%clk 0:25:14]} 72. Kg4
{[%clk 0:18:02]} Ra1 {[%clk 0:23:45]} 73. Bd5+ {[%clk 0:17:53]} Kg6
{[%clk 0:23:52]} 74. f5+ {[%clk 0:17:49]} Kh7 {[%clk 0:24:12]} 75. Kh5
{[%clk 0:18:01]} 1-0

[Event "Winter Chess"]
[Site "?"]
[Date "2014.01.05"]
[Round "9.8"]
[White "Kafka, Graeme"]
[Black "Swartz, Julius"]
[Result "1/2-1/2"]
[LiveChessVersion "1.4.2"]
[BlackElo "2039"]
[WhiteElo "2054"]

1. e4 {[%clk 1:28:33]} c5 {[%clk 1:30:55]} 2. Nf3 {[%clk 1:28:49]} d6
{[%clk 1:31:20]} 3. d4 {[%clk 1:28:46]} cxd4 {[%clk 1:31:44]} 4. Nxd4
{[%clk 1:29:12]} Nf6 {[%clk 1:32:10]} 5. Nc3 {[%clk 1:29:35]} a6 {[%clk 1:32:36]}
6. g3 {[%clk 1:28:28]} e6 {[%clk 1:27:26]} 7. Bg2 {[%clk 1:27:16]} Qc7
{[%clk 1:26:50]} 8. O-O {[%clk 1:24:30]} Nc6 {[%clk 1:26:08]} 9. Bg5
{[%clk 1:15:48]} Be7 {[%clk 1:25:43]} 10. Qd2 {[%clk 1:09:50]} h6
{[%clk 1:24:02]} 11. Be3 {[%clk 1:09:50]} Ne5 {[%clk 1:23:45]} 12. Qe2
{[%clk 1:08:21]} O-O {[%clk 1:23:24]} 13. Rad1 {[%clk 1:08:30]} b5
{[%clk 1:18:47]} 14. f4 {[%clk 0:51:55]} Nc4 {[%clk 1:19:08]} 15. e5
{[%clk 0:38:21]} dxe5 {[%clk 1:19:33]} 16. Ndxb5 {[%clk 0:30:08]} axb5
{[%clk 1:19:12]} 17. Nxb5 {[%clk 0:30:23]} Qb8 {[%clk 1:18:47]} 18. Qxc4
{[%clk 0:30:04]} Ng4 {[%clk 1:16:03]} 19. Bc5 {[%clk 0:21:59]} Bxc5+
{[%clk 1:08:49]} 20. Qxc5 {[%clk 0:22:23]} Rxa2 {[%clk 1:09:07]} 21. h3
{[%clk 0:16:10]} Rxb2 {[%clk 1:07:43]} 22. Na7 {[%clk 0:11:21]} Rxc2
{[%clk 1:04:30]} 23. Qxc2 {[%clk 0:10:55]} Qxa7+ {[%clk 1:04:26]} 24. Kh1
{[%clk 0:11:14]} Ne3 {[%clk 1:04:40]} 25. Qf2 {[%clk 0:10:37]} exf4
{[%clk 1:04:56]} 26. gxf4 {[%clk 0:10:54]} Bb7 {[%clk 1:04:44]} 27. Rfe1
{[%clk 0:09:29]} Bxg2+ {[%clk 1:04:20]} 28. Kg1 {[%clk 0:09:50]} Bxh3
{[%clk 1:03:42]} 29. Qxe3 {[%clk 0:09:01]} Qxe3+ {[%clk 1:04:04]} 30. Rxe3
{[%clk 0:09:28]} Bf5 {[%clk 1:04:21]} 31. Kf2 {[%clk 0:08:06]} Rb8
{[%clk 1:04:14]} 32. Rc3 {[%clk 0:07:14]} Rb7 {[%clk 1:02:52]} 33. Rd4
{[%clk 0:05:14]} Kh7 {[%clk 1:02:54]} 34. Rg3 {[%clk 0:05:11]} Re7
{[%clk 1:02:38]} 35. Rb4 {[%clk 0:03:58]} e5 {[%clk 1:02:33]} 36. Re3
{[%clk 0:04:13]} f6 {[%clk 1:02:36]} 37. fxe5 {[%clk 0:03:27]} Rxe5
{[%clk 1:02:50]} 38. Rxe5 {[%clk 0:03:50]} fxe5 {[%clk 1:03:18]} 39. Rb5
{[%clk 0:04:13]} Kg6 {[%clk 1:03:33]} 40. Rxe5 {[%clk 0:04:38]} Kg5
{[%clk 1:03:59]} 41. Kg3 {[%clk 0:00:36]} h5 {[%clk 1:04:14]} 42. Ra5
{[%clk 0:30:56]} h4+ {[%clk 1:34:58]} 43. Kf3 {[%clk 0:31:10]} g6
{[%clk 1:35:23]} 44. Ra4 {[%clk 0:26:27]} Be6 {[%clk 1:35:28]} 45. Ra5+
{[%clk 0:26:40]} Kf6 {[%clk 1:35:39]} 46. Kf4 {[%clk 0:26:44]} Bf5
{[%clk 1:34:22]} 47. Ra6+ {[%clk 0:26:29]} Ke7 {[%clk 1:34:35]} 48. Ra7+
{[%clk 0:24:55]} Kd6 {[%clk 1:34:53]} 49. Kg5 {[%clk 0:25:20]} h3
{[%clk 1:35:14]} 50. Rh7 {[%clk 0:25:41]} Kd5 {[%clk 1:35:37]} 51. Rxh3
{[%clk 0:26:05]} 1/2-1/2